[Event "NCA-ch sf"]
[Site "Managua"]
[Date "2023.01.28"]
[Round "1.9"]
[White "Lopez Tercero, Enders Wilfredo"]
[Black "Vanegas Lopez, Natanael Emanuel"]
[Result "0-1"]
[WhiteElo "1648"]
[BlackElo "1889"]
[PlyCount "62"]
[EventDate "2023.01.28"]
[EventType "swiss"]
[EventRounds "9"]
[EventCountry "NCA"]
[SourceTitle "CBM 213 Extra"]
[Source "ChessBase"]
[SourceDate "2023.05.31"]
[SourceVersion "1"]
[SourceVersionDate "2023.05.31"]
[SourceQuality "1"]

1. e4 e5 2. Nf3 Nf6 3. Bc4 Nxe4 4. d3 Nf6 5. Nxe5 d5 6. Bb3 Bd6 7. d4 0-0 8. 0-0 Bf5 9. Bg5 c6 10. Nd2 Re8 11. Re1 Nbd7 12. Ndf3 h6 13. Bh4 Qc7 14. Bg3 Ne4 15. Nxd7 Qxd7 16. Bxd6 Qxd6 17. Ne5 Re7 18. f3 Ng5 19. c3 Rae8 20. Bc2 Bxc2 21. Qxc2 c5 22. Qd2 cxd4 23. cxd4 Qb6 24. Kf1 Ne6 25. Rad1 Qa6+ 26. Kf2 Qxa2 27. Qb4 a5 28. Qc3 Rc7 29. Qd2 Qa4 30. Re2 Rec8 31. Qe3 Qxd1 0-1

[Event "Managua Hurtado Memorial 22nd"]
[Site "Managua"]
[Date "2022.12.26"]
[Round "1"]
[White "Allen Montes, Charles Mijail"]
[Black "Vanegas Lopez, Natanael Emanuel"]
[Result "0-1"]
[WhiteElo "1451"]
[BlackElo "1909"]
[PlyCount "38"]
[EventDate "2022.12.26"]
[EventType "swiss"]
[EventRounds "9"]
[EventCountry "NCA"]
[SourceTitle "CBM 212 Extra"]
[Source "ChessBase"]
[SourceDate "2023.03.31"]
[SourceVersion "1"]
[SourceVersionDate "2023.03.31"]
[SourceQuality "1"]

1. e4 e5 2. Nf3 Nc6 3. Bc4 Bc5 4. c3 Nf6 5. d3 0-0 6. 0-0 d6 7. Re1 Ne7 8. a4 c6 9. a5 Ng6 10. b4 d5 11. exd5 cxd5 12. Nxe5 Bxf2+ 13. Kxf2 Nxe5 14. Bb5 Nfg4+ 15. Kg1 Qh4 16. h3 Qf2+ 17. Kh1 Qg3 18. hxg4 Nxg4 19. Qxg4 Qxe1+ 0-1

[Event "Managua Bayardo Muniz Memorial 4th"]
[Site "Managua"]
[Date "2022.03.05"]
[Round "1"]
[White "Simplina, Amor"]
[Black "Vanegas Lopez, Natanael Emanuel"]
[Result "1/2-1/2"]
[WhiteElo "2058"]
[BlackElo "1893"]
[PlyCount "69"]
[EventDate "2022.03.05"]
[EventType "tourn"]
[EventRounds "9"]
[EventCountry "NCA"]
[SourceTitle "EXT 2023"]
[Source "ChessBase"]
[SourceDate "2022.10.05"]
[SourceVersion "1"]
[SourceVersionDate "2022.10.05"]
[SourceQuality "1"]

1. d4 Nf6 2. Nf3 d5 3. e3 e6 4. Bd3 c5 5. b3 Bd6 6. Bb2 0-0 7. Nbd2 Qe7 8. a3 Nc6 9. Ne5 Qc7 10. f4 cxd4 11. exd4 Nd7 12. 0-0 f5 13. c4 Nf6 14. Rc1 Qe7 15. b4 Bxe5 16. dxe5 Ne4 17. Nf3 Bd7 18. cxd5 exd5 19. b5 Na5 20. Qa4 b6 21. Qb4 Qxb4 22. axb4 Nc4 23. Bxc4 dxc4 24. Nd4 Rac8 25. Rf3 Rfe8 26. Re3 Nd6 27. Ra3 Nxb5 28. Nxb5 Bxb5 29. Rxa7 Re6 30. Bc3 Kf8 31. Rd1 Re7 32. Ra2 Rd7 33. Rxd7 Bxd7 34. Ra7 Ke7 35. b5 1/2-1/2

[Event "NCA-chT final"]
[Site "Managua"]
[Date "2021.10.24"]
[Round "6.2"]
[White "Vanegas Lopez, Natanael Emanuel"]
[Black "Granados Ortiz, Maria Jose"]
[Result "1-0"]
[WhiteElo "1726"]
[BlackElo "1698"]
[PlyCount "87"]
[EventDate "2021.10.16"]
[EventType "team-tourn"]
[EventRounds "11"]
[EventCountry "NCA"]
[SourceTitle "EXT 2023"]
[Source "ChessBase"]
[SourceDate "2022.10.05"]
[SourceVersion "1"]
[SourceVersionDate "2022.10.05"]
[SourceQuality "1"]
[WhiteTeam "Blitz Friends"]
[BlackTeam "Universidad de Ingenieria (W)"]
[WhiteTeamCountry "NCA"]
[BlackTeamCountry "NCA"]

1. d4 d5 2. Nf3 Nf6 3. Bf4 e6 4. e3 Bd6 5. Bg5 0-0 6. Bd3 h6 7. Bh4 c6 8. 0-0 Nbd7 9. Bg3 Qc7 10. Nbd2 e5 11. dxe5 Nxe5 12. Nxe5 Bxe5 13. Nf3 Bxg3 14. hxg3 Bg4 15. c4 dxc4 16. Bxc4 Rad8 17. Qc2 Rd6 18. Nd4 Qd7 19. Rac1 Nd5 20. a3 Re8 21. b4 Qe7 22. Rfe1 Red8 23. b5 cxb5 24. Nxb5 R6d7 25. Nxa7 Qxa3 26. Nb5 Qe7 27. Nd4 Nb6 28. Bb3 Rc8 29. Qg6 Rxc1 30. Rxc1 Be6 31. Bxe6 Qxe6 32. Qxe6 fxe6 33. Nxe6 Re7 34. Nd4 Nd5 35. Rb1 Kf7 36. Nf5 Nc3 37. Rxb7 Rxb7 38. Nd6+ Kf6 39. Nxb7 Ne4 40. Kf1 Kf5 41. g4+ Kg5 42. f3 Nc3 43. Nd6 Kh4 44. Nf5+ 1-0

[Event "NCA-chT final"]
[Site "Managua"]
[Date "2021.10.16"]
[Round "1.4"]
[White "Allen Montes, Charles Mijail"]
[Black "Vanegas Lopez, Natanael Emanuel"]
[Result "0-1"]
[WhiteElo "1449"]
[BlackElo "1726"]
[PlyCount "54"]
[EventDate "2021.10.16"]
[EventType "team-tourn"]
[EventRounds "11"]
[EventCountry "NCA"]
[SourceTitle "EXT 2023"]
[Source "ChessBase"]
[SourceDate "2022.10.05"]
[SourceVersion "1"]
[SourceVersionDate "2022.10.05"]
[SourceQuality "1"]
[WhiteTeam "Surnrise CC"]
[BlackTeam "Blitz Friends"]
[WhiteTeamCountry "NCA"]
[BlackTeamCountry "NCA"]

1. e4 e5 2. Nf3 Nf6 3. Nxe5 d6 4. Nf3 Nxe4 5. Nc3 Nxc3 6. dxc3 Be7 7. Be3 Nd7 8. Qd2 c6 9. Be2 d5 10. h3 Nc5 11. 0-0-0 Ne4 12. Qd3 Bf5 13. Qd4 0-0 14. Qe5 Bg6 15. c4 Bf6 16. Qf4 Qa5 17. a3 dxc4 18. Bd4 Bxd4 19. Nxd4 c3 20. Nb3 cxb2+ 21. Kxb2 Qc3+ 22. Kc1 Nxf2 23. Rd2 Nxh1 24. Bd3 Rad8 25. Bxg6 hxg6 26. Rxd8 Rxd8 27. Qc7 Re8 0-1

[Event "NCA-ch U20"]
[Site "Managua"]
[Date "2021.07.03"]
[Round "6"]
[White "Rojas Laguna, Altieri Francisco"]
[Black "Vanegas Lopez, Natanael Emanuel"]
[Result "0-1"]
[WhiteElo "1678"]
[BlackElo "1579"]
[PlyCount "101"]
[EventDate "2021.06.26"]
[EventType "swiss"]
[EventRounds "9"]
[EventCountry "NCA"]
[SourceTitle "EXT 2022"]
[Source "ChessBase"]
[SourceDate "2021.10.06"]
[SourceVersion "1"]
[SourceVersionDate "2021.10.06"]
[SourceQuality "1"]

1. e4 e5 2. Nf3 Nf6 3. Nc3 Nc6 4. Bc4 Bc5 5. d3 h6 6. a4 a6 7. Ne2 d6 8. Ng3 0-0 9. 0-0 Ba7 10. c3 Be6 11. Bxe6 fxe6 12. Qb3 Qc8 13. Nf5 Kh7 14. Ng3 Qd7 15. Kh1 Ne7 16. Qc2 Kh8 17. Qe2 Ng6 18. h3 Nf4 19. Qd1 Ng6 20. Nh2 Nf4 21. Bxf4 exf4 22. Nh5 Rae8 23. Nxf6 Rxf6 24. d4 Rf7 25. Nf3 Qe7 26. e5 d5 27. a5 c5 28. Qd3 Rc8 29. Rac1 Qe8 30. Nh4 Kg8 31. Ng6 Rf5 32. Nh4 Rf7 33. Nf3 Qd8 34. b4 cxb4 35. cxb4 Rfc7 36. Qd2 Rc4 37. Rxc4 Rxc4 38. Rc1 Qc7 39. Rxc4 Qxc4 40. Qxf4 Qxb4 41. Qg4 Qe7 42. Kg1 b5 43. Nh4 Bb8 44. Ng6 Qf7 45. Nf4 Bc7 46. Qxe6 Qxe6 47. Nxe6 Bxa5 48. Nc5 Bc3 49. Nxa6 b4 50. Nc5 Bxd4 51. Nb3 0-1